[Event "Werther Schloss op-C 13rd"]
[Site "Werther"]
[Date "2007.03.31"]
[Round "3"]
[White "Grabowski, Marian"]
[Black "Dymek, Hans Peter"]
[Result "1/2-1/2"]
[WhiteElo "1545"]
[BlackElo "1630"]
[PlyCount "193"]
[EventDate "2007.03.31"]
[EventType "swiss"]
[EventRounds "5"]
[EventCountry "GER"]
[SourceTitle "EXT 2008"]
[Source "ChessBase"]
[SourceDate "2007.11.25"]
[SourceVersion "1"]
[SourceVersionDate "2007.11.25"]
[SourceQuality "1"]

1. e4 g6 2. d4 Bg7 3. Nf3 d6 4. h3 c5 5. Bc4 e6 6. 0-0 cxd4 7. Nxd4 a6 8. Nc3 Qc7 9. Bb3 Nf6 10. Qe2 0-0 11. Rd1 Nbd7 12. Bg5 Nc5 13. Bc4 b5 14. Bxb5 axb5 15. Ndxb5 Qa5 16. Nxd6 Ba6 17. Qf3 Ncd7 18. Qe3 Ne5 19. f4 Nc4 20. Nxc4 Bxc4 21. Qd4 Qa7 22. Qxa7 Rxa7 23. Rd4 Rc7 24. Rad1 Nh5 25. e5 Ng3 26. Rd8 Rc8 27. Rxc8 Rxc8 28. Rd8+ Rxd8 29. Bxd8 Bf8 30. a4 Bb4 31. Bb6 Bxc3 32. bxc3 Ne2+ 33. Kf2 Nxc3 34. a5 Kf8 35. Bd4 Nd5 36. g3 Ke8 37. Kf3 Kd7 38. Kg4 h6 39. Bc5 Be2+ 40. Kh4 Kc6 41. Bf8 h5 42. Kg5 Kd7 43. Bc5 Nc3 44. Kh4 Kc6 45. Bb4 Nd5 46. c3 Kd7 47. Kg5 Ke8 48. h4 Ne3 49. Bc5 Nf5 50. Bf2 Kf8 51. Kf6 Kg8 52. Be1 Kf8 53. Bf2 Nh6 54. Bc5+ Ke8 55. Kg5 Ng8 56. Bf2 Ne7 57. Bc5 Nd5 58. Bd4 Bd3 59. Kh6 Ba6 60. Kg5 Nc7 61. Bb6 Nd5 62. Bd4 Ne7 63. Bc5 Nf5 64. Bf2 Kf8 65. Kf6 Ke8 66. Kg5 Ne7 67. Bc5 Nc6 68. Bb4 Bb5 69. Kf6 Bd3 70. Kg5 Na7 71. Bc5 Ba6 72. Kf6 Nb5 73. Bb4 Nc7 74. Kg5 Nd5 75. Kh6 Ne3 76. Bc5 Nf1 77. Bf2 Nd2 78. Kg7 Ne4 79. Be1 Nc5 80. Bf2 Na4 81. Bd4 Nb2 82. Bc5 Nd3 83. Bb6 Nc1 84. Bf2 Ne2 85. Be1 Bb5 86. Kf6 Bc4 87. Kg7 Ke7 88. Kg8 f6 89. Kg7 fxe5 90. fxe5 Bd3 91. a6 Bxa6 92. Kxg6 Ng1 93. Kxh5 Nf3 94. Bf2 Nxe5 95. Bd4 Be2+ 96. Kg5 Nf7+ 97. Kf4 1/2-1/2

[Event "Rheinhausen-ch 10th"]
[Site "Duisburg Rheinhausen"]
[Date "2006.03.17"]
[Round "6.11"]
[White "Remek, Uwe"]
[Black "Grabowski, Marian"]
[Result "1-0"]
[WhiteElo "1673"]
[BlackElo "1479"]
[PlyCount "51"]
[EventDate "2006.01.06"]
[EventType "swiss"]
[EventRounds "7"]
[EventCountry "GER"]
[SourceTitle "EXT 2007"]
[Source "ChessBase"]
[SourceDate "2006.11.23"]
[SourceVersion "1"]
[SourceVersionDate "2006.11.23"]
[SourceQuality "1"]

1. c4 c5 2. Nf3 Nf6 3. Nc3 g6 4. g3 Bg7 5. Bg2 d6 6. 0-0 0-0 7. d4 Bg4 8. dxc5 dxc5 9. Ne5 Bc8 10. Qb3 Qb6 11. Qc2 Na6 12. a3 Ne8 13. Nd3 Nd6 14. Nd5 Qd8 15. Bd2 Bf5 16. Rfe1 Rb8 17. e4 Bd7 18. Bf4 Rc8 19. Red1 Re8 20. Be5 e6 21. Ne3 Bxe5 22. Nxe5 Qe7 23. Qd3 f6 24. Nxd7 Qxd7 25. Qxd6 Qxd6 26. Rxd6 1-0

[Event "Rheinhausen-ch 10th"]
[Site "Duisburg Rheinhausen"]
[Date "2006.01.06"]
[Round "1.7"]
[White "Menzel, Josef"]
[Black "Grabowski, Marian"]
[Result "1-0"]
[WhiteElo "1933"]
[BlackElo "1479"]
[PlyCount "35"]
[EventDate "2006.01.06"]
[EventType "swiss"]
[EventRounds "7"]
[EventCountry "GER"]
[SourceTitle "EXT 2007"]
[Source "ChessBase"]
[SourceDate "2006.11.23"]
[SourceVersion "1"]
[SourceVersionDate "2006.11.23"]
[SourceQuality "1"]

1. d4 d5 2. Nf3 Nf6 3. g3 e6 4. Bg2 Be7 5. 0-0 0-0 6. b3 c6 7. Bb2 Nbd7 8. c4 dxc4 9. bxc4 b5 10. Ne5 Bb7 11. Nxc6 Bxc6 12. Bxc6 Rb8 13. cxb5 a6 14. a4 Nd5 15. Ba3 Bxa3 16. Nxa3 Ne7 17. Bg2 axb5 18. Nxb5 1-0

[Event "Duisburg Grossenbaum op"]
[Site "Duisburg"]
[Date "2004.05.30"]
[Round "4"]
[White "Grabowski, Marian"]
[Black "Grunwald, Guenther"]
[Result "0-1"]
[WhiteElo "1337"]
[BlackElo "1620"]
[PlyCount "40"]
[EventDate "2004.05.28"]
[EventType "swiss"]
[EventRounds "7"]
[EventCountry "GER"]
[SourceTitle "EXT 2006"]
[Source "ChessBase"]
[SourceDate "2005.11.24"]
[SourceVersion "1"]
[SourceVersionDate "2005.11.24"]
[SourceQuality "1"]

1. e4 e5 2. Nf3 Nc6 3. Bb5 a6 4. Ba4 Nf6 5. 0-0 Nxe4 6. Re1 Nc5 7. Bxc6 dxc6 8. Rxe5+ Be7 9. d4 Ne6 10. Qe2 0-0 11. c3 Bf6 12. Re4 c5 13. Qd3 cxd4 14. cxd4 Nc5 15. Qc2 Nxe4 16. Qxe4 Re8 17. Qd3 Bg4 18. Nbd2 Bxf3 19. Nxf3 Bxd4 20. Nd2 Bxf2+ 0-1

[Event "Duisburg Grossenbaum op"]
[Site "Duisburg"]
[Date "2004.05.30"]
[Round "5"]
[White "Ishar, Bing"]
[Black "Grabowski, Marian"]
[Result "1-0"]
[WhiteElo "1572"]
[BlackElo "1337"]
[PlyCount "47"]
[EventDate "2004.05.28"]
[EventType "swiss"]
[EventRounds "7"]
[EventCountry "GER"]
[SourceTitle "EXT 2006"]
[Source "ChessBase"]
[SourceDate "2005.11.24"]
[SourceVersion "1"]
[SourceVersionDate "2005.11.24"]
[SourceQuality "1"]

1. d4 d5 2. c4 e6 3. Nf3 Nf6 4. Bg5 Be7 5. Nc3 0-0 6. cxd5 exd5 7. e3 Nbd7 8. Bd3 Re8 9. 0-0 Nf8 10. h3 c6 11. Qc2 h6 12. Bf4 Bd6 13. Bxd6 Qxd6 14. a3 Qe7 15. Rae1 Ne4 16. Bxe4 dxe4 17. Ne5 Qg5 18. Nxe4 Qh4 19. Ng3 Rxe5 20. dxe5 Bxh3 21. gxh3 Qxh3 22. Qf5 Qh4 23. Kg2 Ng6 24. Rh1 1-0

[Event "Rheinhausen op 6th"]
[Site "Rheinhausen"]
[Date "2002.02.01"]
[Round "3"]
[White "Grabowski, Marian"]
[Black "Bajonczak, Helmut"]
[Result "0-1"]
[WhiteElo "802"]
[BlackElo "1305"]
[PlyCount "116"]
[EventDate "2002.03.??"]
[EventType "swiss"]
[EventRounds "5"]
[EventCountry "GER"]
[SourceTitle "EXT 2008"]
[Source "ChessBase"]
[SourceDate "2007.11.25"]
[SourceVersion "1"]
[SourceVersionDate "2007.11.25"]
[SourceQuality "1"]

1. e4 c6 2. d4 e6 3. d5 e5 4. Nf3 d6 5. Nc3 Be7 6. Bd3 a6 7. 0-0 Nf6 8. Be3 Ng4 9. Qe2 Nd7 10. h3 Nxe3 11. Qxe3 h6 12. g3 Nc5 13. Rad1 Bxh3 14. Rfe1 Bg4 15. Be2 Bxf3 16. Qxf3 0-0 17. Qh5 Bg5 18. Qg4 Qd7 19. Qxd7 Nxd7 20. b4 c5 21. a3 f5 22. exf5 Rxf5 23. Bg4 Rf7 24. Ne4 Nf6 25. Nxd6 Rc7 26. Be6+ Kf8 27. Rxe5 Nd7 28. Bxd7 Rxd7 29. Ne4 Re7 30. Rxe7 Bxe7 31. d6 Bd8 32. Nxc5 b6 33. Ne6+ Kf7 34. Nxd8+ Rxd8 35. a4 Ke6 36. b5 axb5 37. axb5 Rxd6 38. Rxd6+ Kxd6 39. Kf1 Kc5 40. Ke2 Kxb5 41. Kd3 Kc5 42. c4 g5 43. f4 gxf4 44. gxf4 h5 45. f5 Kd6 46. Ke4 h4 47. Kf3 Ke5 48. Kg4 h3 49. Kxh3 Kxf5 50. Kg3 Ke4 51. Kf2 Kd4 52. Ke2 Kxc4 53. Kd2 Kb3 54. Kc1 b5 55. Kb1 Ka3 56. Kc1 Ka2 57. Kc2 b4 58. Kc1 b3 0-1